000 03471nam a2200289 a 4500
001
003 DO-SdBNP
005 20220330091129.0
007 ta
008 110214s 2001 dr r 000 0 spa d
020 _a9993430218
040 _aDO-SdBNP
_bspa
_cBPMSU
082 4 _a306.097293
_bV443a 2001
_222
100 1 _aVeloz Maggiolo, Marcio,
_d1936-2021
245 1 0 _aAntropología portátil /
_cMarcio Veloz Maggiolo.
260 _aSanto Domingo :
_c2001.
300 _a262 p. ;
_c28 cm.
490 0 _aBanco Central de la República Dominicana
_aCiencias sociales
_v39/7
_v
500 _aIncluye datos biográficos del autor en la solapa de la cubierta
505 0 _aLa especie humana 11 -- Escritura y antropología 15 -- Modos de hacer la historia 19 -- Dónde insertar El Caribe 23 -- La arqueología como historia 27 -- La memoria en el tiempo 31 -- El surgimiento de la vida agrícola en el Viejo Mundo 35 -- El surgimiento de la vida agrícola en América 39 -- Antropología del asentamiento 43 -- Distribución de espacios en los asentamientos pre-urbanos en las Antillas Precolombinas 45 -- Ecología y antropología: La Sabana 53 -- La vida en lo parques nacionales 57 -- La historia antigua y Parques nacionales 61 -- El Parque Nacional del Este y la floresta como laboratorio 65 -- El espacio en los asentamientos indios 69 -- Antropología de los tiestos 73 -- Antropología de los huesos 77 -- El Gourmet precolombino 79 -- Pipas indígenas de Santo Domingo y Puerto Rico 83 -- Los Taínos, su arte y su desarrollo social 87 -- El ritual de la Cohoba en nuestros días 93 -- El señor yucador 97 -- Lo macho y lo hembra en el Arte precolombino antillano 99 -- Punta Cana: los primeros agricultores 103 -- El ritual de las hamacas 107 -- Antropología y canibalismo 109 -- Polen de Zamia en la historia antigua de las Antillas 113 -- Notas sobre la Zamia en la prehistoria del Caribe 121 -- El Paraíso de la fermen tación 133 -- Labat: un menú antropológico 135 -- Entre el Aje y la Batata 139 -- Convivieron los Taínos y los Caribes? 143 -- Los cemíes o ídolos de algodón entre los Caribes 145 -- De dónde viene lo autóctono 147 -- El síndrome de la primacía 153 -- La Isabela: antropología de vida y muerte 157 -- Yerbas y semillas nutritivas 167 -- El rito de comer tierra 169 -- El sabor de la tierra 171 -- Canología del perro realengo 173 -- Antropología del ruido 177 -- Discruso sobre la ciencia inútil 181 -- Lengua e identidad 183 -- Neoliberalismo e identidades 187 -- Quíbor y la virgen de la Altagracia 191 -- La verdad sobre la Vieja Belén 195 -- El médico botánico criollo 199 -- Las nominaciones del diablo 201 -- Visión francesa del Santo Domingo católico 207 -- La antropología del cimarrón 211 -- El Estado dominicano, mito y cefalalgia 215 -- Mujer y antropología 221 -- El Potlach: una fiesta tribal de la abundancia 225 -- Haití: dicotomías y coincidencias 229 -- Razones para un Himno Nacional bailable 235 -- El barrio como materia prima 241 -- Trujillo, la garra del tigre 245 -- La muerte como una moda 249 -- Pulpería y ventorrillo, tarantines y fritangas 255 -- Andrés L. Mateo o la interdominicanidad 259
590 _aInventariado,2022/VM
650 4 _aAntropología
_zRepública Dominicana
650 4 _aIndios de Santo Domingo
_xHistoria
_yÉpoca precolombina, hasta 1492.
710 2 _aBanco Central de la República Dominicana,
910 _aVMateo V.
942 _2ddc
_cBK
999 _c14122
_d14122